[Event "23rd WCh U20 Girls"]
[Site "Istanbul TUR"]
[Date "2005.11.13"]
[Round "5"]
[White "Alimova, Maral"]
[Black "Raeva, Elitsa"]
[Result "1/2-1/2"]
[WhiteElo "2053"]
[BlackElo "2213"]
[EventDate "2005.11.09"]
[PlyCount "129"]

1.d4 d5 2.e3 Nf6 3.Nf3 Bg4 4.c4 e6 5.Qb3 Qc8 6.Ne5 Bf5 7.Nc3 c6 8.h3 Nbd7 
9.g4 Bg6 10.cxd5 exd5 11.Nxg6 hxg6 12.Bg2 Be7 13.Bd2 Rb8 14.e4 dxe4 15.Bf4
Ra8 16.Nxe4 O-O 17.O-O Nxe4 18.Bxe4 Nf6 19.Bg2 Qd7 20.Rad1 Nd5 21.Bg3 Rad8
22.Rfe1 Kh7 23.Bxd5 cxd5 24.f4 Bf6 25.g5 Be7 26.Kg2 Rc8 27.Re5 Rfd8 28.
Rde1 Bf8 29.R1e2 Rc4 30.Qd3 Kg8 31.b3 Rc1 32.f5 gxf5 33.Rxf5 g6 34.Rfe5 
Rdc8 35.Qf3 R1c2 36.Re3 Ba3 37.Be5 f5 38.gxf6 Kf7 39.Rxc2 Rxc2+ 40.Re2 
Rxe2+ 41.Qxe2 Qf5 42.Qf3 Qg5+ 43.Kf2 Qd2+ 44.Kg3 Qg5+ 45.Qg4 Bc1 46.h4 
Qxg4+ 47.Kxg4 b5 48.a4 a6 49.Kf3 Bd2 50.Ke2 Bb4 51.Kf3 Bd2 52.Kg4 Be3 53.
h5 gxh5+ 54.Kxh5 bxa4 55.bxa4 Bd2 56.Kg4 Kg6 57.Bf4 Bc3 58.Be5 Bd2 59.f7 
Kxf7 60.Kf5 Bc3 61.Bh8 Kg8 62.Bf6 Kf7 63.Ke5 Bxd4+ 64.Kxd4 Kxf6 65.Kxd5 
1/2-1/2

[Event "23rd WCh U20 Girls"]
[Site "Istanbul TUR"]
[Date "2005.11.13"]
[Round "5"]
[White "Almer, Julia"]
[Black "Ortiz Aguirre, Nadya Karolina"]
[Result "0-1"]
[WhiteElo "1943"]
[BlackElo "2218"]
[EventDate "2005.11.09"]
[PlyCount "70"]

1.e4 c5 2.Nf3 e6 3.d4 cxd4 4.Nxd4 a6 5.c4 Nf6 6.Nc3 Bb4 7.Bd3 Nc6 8.Ne2 
Qc7 9.a3 Bd6 10.h3 Nh5 11.O-O Nf4 12.Nxf4 Bxf4 13.Re1 O-O 14.Qg4 Bxc1 15.
Raxc1 Ne5 16.Qg3 d6 17.Ne2 Bd7 18.Kh1 Bc6 19.b4 Qe7 20.Nd4 Qf6 21.Nxc6 
Nxc6 22.f4 e5 23.Rf1 Qe7 24.c5 Rad8 25.fxe5 Nxe5 26.Bb1 Kh8 27.cxd6 Rxd6 
28.Rc5 f6 29.Rfc1 Rfd8 30.Kh2 Nc6 31.Qh4 g6 32.Re1 Ne5 33.Rec1 Rd2 34.Qf4 
Qd6 35.Rc7 Ng4+ 0-1

[Event "23rd WCh U20 Girls"]
[Site "Istanbul TUR"]
[Date "2005.11.16"]
[Round "7"]
[White "Zawadzka, Jolanta"]
[Black "Andriasian, Siranush"]
[Result "1-0"]
[WhiteElo "2381"]
[BlackElo "2263"]
[EventDate "2005.11.09"]
[PlyCount "99"]

1.e4 e5 2.Nf3 Nc6 3.Bb5 a6 4.Ba4 Nf6 5.O-O b5 6.Bb3 Be7 7.Re1 O-O 8.h3 d6 
9.c3 Na5 10.Bc2 c5 11.d4 cxd4 12.cxd4 Qc7 13.Nbd2 Nc6 14.Nb3 a5 15.Be3 a4 
16.Nbd2 Nb4 17.Bb1 Bd7 18.a3 Na6 19.Bd3 Qb8 20.Rc1 Bd8 21.Nf1 Ba5 22.Re2 
Be6 23.d5 Bxd5 24.exd5 e4 25.Bd4 exd3 26.Qxd3 Qd8 27.Ne3 Nc7 28.Qf5 Nce8 
29.Rec2 g6 30.Qd3 Rb8 31.b4 axb3 32.Qxb3 Ne4 33.Qd3 f5 34.Bb2 Bb6 35.Nd4 
Qh4 36.Ne6 Rf7 37.Bd4 Bxd4 38.Qxd4 Qf6 39.Rc8 Rfb7 40.Rxb8 Rxb8 41.Qa7 Rd8
42.Nxd8 Qxd8 43.Qb7 Qh4 44.g3 Qxh3 45.Rc8 Kf8 46.Qd7 Nf6 47.Qxd6+ Kg7 48.
Qe7+ Kh6 49.Rxe8 Nxe8 50.Qxe8 1-0

[Event "23rd WCh U20 Girls"]
[Site "Istanbul TUR"]
[Date "2005.11.18"]
[Round "9"]
[White "Dzagnidze, Nana"]
[Black "Aketaeva, Dana"]
[Result "1-0"]
[WhiteElo "2443"]
[BlackElo "2256"]
[EventDate "2005.11.09"]
[PlyCount "59"]

1.d4 Nf6 2.c4 e6 3.Nc3 Bb4 4.Qc2 b6 5.e4 Bb7 6.f3 c5 7.d5 d6 8.Bd3 Nbd7 9.
Ne2 O-O 10.O-O a6 11.Bg5 h6 12.Bh4 e5 13.Nd1 b5 14.Ne3 bxc4 15.Nxc4 Qc7 
16.Qc1 Rfe8 17.Ng3 Nxd5 18.exd5 Bxd5 19.Nf5 Bxc4 20.Bxc4 Nf8 21.Rd1 Ng6 
22.Nxd6 Rf8 23.Bg3 Rad8 24.Nxf7 Rxf7 25.Rxd8+ Qxd8 26.Qc2 Qf6 27.Rd1 Kh7 
28.Bxf7 Qxf7 29.a3 Ba5 30.Bxe5 1-0

[Event "23rd WCh U20 Girls"]
[Site "Istanbul TUR"]
[Date "2005.11.18"]
[Round "9"]
[White "Nebolsina, Vera"]
[Black "Guseva, Marina"]
[Result "1/2-1/2"]
[WhiteElo "2278"]
[BlackElo "2363"]
[EventDate "2005.11.09"]
[PlyCount "125"]

1.d4 d5 2.c4 c6 3.Nc3 Nf6 4.Nf3 e6 5.Bg5 dxc4 6.e4 b5 7.e5 h6 8.Bh4 g5 9.
Nxg5 hxg5 10.Bxg5 Nbd7 11.exf6 Bb7 12.g3 c5 13.d5 Qb6 14.Bg2 O-O-O 15.O-O 
b4 16.Na4 Qb5 17.a3 exd5 18.axb4 cxb4 19.Be3 Nc5 20.Qg4+ Rd7 21.Nxc5 Bxc5 
22.Bxc5 Qxc5 23.h4 Rd8 24.Qf5 Kb8 25.Rfe1 Rc7 26.h5 c3 27.bxc3 bxc3 28.h6 
c2 29.h7 d4 30.Qh3 Bxg2 31.Qxg2 d3 32.Rab1+ cxb1=Q 33.Rxb1+ Qb6 34.Rxb6+ 
axb6 35.Qf3 d2 36.Kg2 Rcd7 37.Qf4+ Kb7 38.Qe4+ Kc7 39.Qc4+ Kd6 40.Qd4+ Ke6
41.Qg4+ Kd6 42.Qd4+ Kc6 43.Qc4+ Kb7 44.Qe4+ Kc7 45.Qc4+ Kb8 46.Qf4+ Kc8 
47.Qc4+ Kb8 48.Qf4+ Rc7 49.Qxd2 Rxd2 50.h8=Q+ Kb7 51.Qe8 Rdd7 52.g4 b5 53.
g5 Ka6 54.Qf8 Kb6 55.Kg3 Kc6 56.f4 Rb7 57.Qb4 Kb6 58.Qc3 Rbc7 59.Qe3+ Ka5 
60.Qa3+ Kb6 61.Qe3+ Ka5 62.Qa3+ Kb6 63.Qe3+ 1/2-1/2

[Event "23rd WCh U20 Girls"]
[Site "Istanbul TUR"]
[Date "2005.11.18"]
[Round "9"]
[White "Ushenina, Anna"]
[Black "Vasilevich, Irina"]
[Result "0-1"]
[WhiteElo "2409"]
[BlackElo "2389"]
[EventDate "2005.11.09"]
[PlyCount "146"]

1.d4 Nf6 2.c4 e6 3.Nc3 Bb4 4.e3 O-O 5.Bd3 c5 6.Ne2 cxd4 7.exd4 d5 8.a3 Be7
9.cxd5 Nxd5 10.Nxd5 Qxd5 11.O-O Nc6 12.Be3 Bf6 13.Rc1 g6 14.Rc5 Qd8 15.Be4
Ne7 16.Qb3 Nf5 17.Rd1 Be7 18.Rc3 Bd6 19.Bxf5 exf5 20.Bf4 Bxf4 21.Nxf4 Qd6 
22.g3 b6 23.Qd5 Qxd5 24.Nxd5 Bb7 25.Ne7+ Kg7 26.d5 Rfd8 27.Rc7 Rab8 28.b4 
b5 29.f3 Rd6 30.Kf2 Kf6 31.f4 Ba8 32.Nc6 Bxc6 33.Rxc6 Rxc6 34.dxc6 Rc8 35.
Rd6+ Ke7 36.Rd7+ Ke6 37.Rxa7 Rxc6 38.Ra5 Rc3 39.Rxb5 Rxa3 40.Rb7 Ra2+ 41.
Kg1 Ra1+ 42.Kg2 Ra2+ 43.Kh3 h6 44.b5 Rb2 45.Rb8 Kf6 46.b6 Kg7 47.Rb7 Kf6 
48.Rb8 g5 49.fxg5+ hxg5 50.g4 Rb3+ 51.Kg2 fxg4 52.Kf2 Kf5 53.Rf8 f6 54.Rb8
Kf4 55.b7 Rb2+ 56.Ke1 f5 57.Kd1 g3 58.hxg3+ Kxg3 59.Rg8 Rxb7 60.Rxg5+ Kf4 
61.Rh5 Re7 62.Kd2 Kg4 63.Rh2 Kg3 64.Rh6 f4 65.Rg6+ Kf2 66.Rf6 Rd7+ 67.Kc2 
f3 68.Rf8 Ke2 69.Re8+ Kf1 70.Rf8 f2 71.Kc1 Rd4 72.Rg8 Ke2 73.Re8+ Kf3 0-1

[Event "23rd WCh U20 Girls"]
[Site "Istanbul TUR"]
[Date "2005.11.19"]
[Round "10"]
[White "Aketaeva, Dana"]
[Black "Szczepkowska, Karina"]
[Result "1-0"]
[WhiteElo "2256"]
[BlackElo "2278"]
[EventDate "2005.11.09"]
[PlyCount "135"]

1.e4 e5 2.Nf3 Nc6 3.Bb5 a6 4.Ba4 Nf6 5.O-O Be7 6.Re1 b5 7.Bb3 O-O 8.a4 Bb7
9.d3 d6 10.Nbd2 Na5 11.Ba2 c5 12.Nf1 b4 13.Ne3 Bc8 14.Nd2 Rb8 15.c3 Ne8 
16.Nd5 Nc6 17.Nc4 Be6 18.f4 exf4 19.Bxf4 Bg5 20.Bg3 Bxd5 21.exd5 Ne7 22.
Qf3 f5 23.Bb1 bxc3 24.bxc3 Rb3 25.Re6 Rxc3 26.Ba2 Rf6 27.Be1 Rc2 28.Bb3 
Rc1 29.Rxc1 Bxc1 30.Ba5 Qd7 31.Re1 Bg5 32.Qh5 Rg6 33.Nb6 Qb7 34.Re6 Nf6 
35.Qe2 Ng4 36.h3 Nh6 37.Rxg6 hxg6 38.Qe6+ Nf7 39.Bc4 f4 40.Qd7 Qb8 41.Bxa6
f3 42.gxf3 Kh7 43.f4 Qf8 44.Qg4 Bh6 45.Nd7 Qe8 46.Bb5 Qa8 47.Qe6 Qxa5 48.
Qxe7 Bxf4 49.Nf8+ Kg8 50.Nxg6 Qd2 51.Qe8+ Kh7 52.Nxf4 Ne5 53.Qh5+ Kg8 54.
Ng2 Qc1+ 55.Kh2 g6 56.Qe2 Qg5 57.a5 Qf6 58.a6 Nf3+ 59.Kg3 Nd4 60.Qe8+ Kh7 
61.a7 Qg5+ 62.Kf2 Qf6+ 63.Kg3 Qg5+ 64.Kf2 Qf6+ 65.Kg1 Nf3+ 66.Kh1 Qd4 67.
Qe7+ Kh6 68.Qe3+ 1-0

[Event "23rd WCh U20 Girls"]
[Site "Istanbul TUR"]
[Date "2005.11.19"]
[Round "10"]
[White "Almer, Julia"]
[Black "Reppen, Ellisiv"]
[Result "1/2-1/2"]
[WhiteElo "1943"]
[BlackElo "1850"]
[EventDate "2005.11.09"]
[PlyCount "34"]

1.e4 d5 2.exd5 Qxd5 3.Nc3 Qa5 4.d4 Nf6 5.Nf3 c6 6.Bc4 Bf5 7.O-O e6 8.Bd2 
Qc7 9.Re1 Bd6 10.h3 O-O 11.Bg5 Nbd7 12.Bd3 Bxd3 13.Qxd3 h6 14.Bxf6 Nxf6 
15.Ne5 Bxe5 16.dxe5 Nd5 17.Nxd5 cxd5 1/2-1/2

[Event "23rd WCh U20 Girls"]
[Site "Istanbul TUR"]
[Date "2005.11.19"]
[Round "10"]
[White "Andriasian, Siranush"]
[Black "Melia, Salome"]
[Result "0-1"]
[WhiteElo "2263"]
[BlackElo "2318"]
[EventDate "2005.11.09"]
[PlyCount "96"]

1.e4 c6 2.d4 d5 3.Nc3 dxe4 4.Nxe4 Bf5 5.Ng3 Bg6 6.h4 h6 7.Nf3 Nd7 8.h5 Bh7
9.Bd3 Bxd3 10.Qxd3 e6 11.Bf4 Ngf6 12.O-O-O Be7 13.Ne4 O-O 14.Kb1 Qa5 15.g4
Nxe4 16.Qxe4 Nf6 17.Qe2 Nxg4 18.d5 Qb5 19.c4 Qc5 20.Nd4 e5 21.Nf5 exf4 22.
Nxe7+ Kh8 23.Rhg1 f3 24.Qe4 Nf6 25.Qe5 Rfe8 26.Rde1 cxd5 27.cxd5 Rad8 28.
Qg3 Nxh5 29.Qh4 a5 30.Re5 Qb4 31.Re4 Qd2 32.Rd4 Qe2 33.d6 Nf6 34.Qg3 Nh5 
35.Qh4 Qe6 36.Rgd1 Nf6 37.Qf4 Qe2 38.Qg3 Ne4 39.Qf4 Rxd6 40.Nd5 Rc6 41.
R4d3 g5 42.Qe3 Nc3+ 43.Nxc3 Rxe3 44.Rxe3 Qxf2 45.Re7 Re6 46.Rd8+ Kg7 47.
Rxb7 Re1+ 48.Nd1 Qe2 0-1

[Event "23rd WCh U20 Girls"]
[Site "Istanbul TUR"]
[Date "2005.11.19"]
[Round "10"]
[White "Baskite, Viktoria"]
[Black "Mongontuul, Batchujagijn"]
[Result "1-0"]
[WhiteElo "2173"]
[BlackElo "2261"]
[EventDate "2005.11.09"]
[PlyCount "115"]

1.c4 Nf6 2.Nc3 g6 3.Nf3 Bg7 4.g3 O-O 5.Bg2 d5 6.cxd5 Nxd5 7.O-O e5 8.Qb3 
c6 9.d3 Na6 10.Bg5 Qd6 11.Nd2 Be6 12.Nde4 Qd7 13.Nxd5 Bxd5 14.Qa3 f5 15.
Nc3 Bxg2 16.Kxg2 f4 17.f3 Nc7 18.Be7 Rf7 19.Bc5 Nd5 20.Nxd5 cxd5 21.Rac1 
e4 22.dxe4 dxe4 23.Rfd1 Qb5 24.Rd2 Rc8 25.b4 b6 26.Bd6 Rd8 27.Rcc2 fxg3 
28.hxg3 exf3+ 29.exf3 Bh6 30.f4 g5 31.Be5 Re8 32.Qb3 gxf4 33.Rd5 f3+ 34.
Kf2 Rxe5 35.Rxb5 Rxb5 36.Rc7 Rf5 37.Rxa7 Bg5 38.Rxf7 Rxf7 39.Qe6 Bd8 40.a4
Kg7 41.Qg4+ Kf8 42.Qc8 Ke7 43.Qb8 Kd7 44.Qe5 Bc7 45.Qe4 Bd8 46.b5 Bc7 47.
Qb7 Kd8 48.Qc6 Rf5 49.Qe6 Rf8 50.g4 Rf4 51.Qg8+ Kd7 52.Qxh7+ Kc8 53.Qg8+ 
Kb7 54.Qd5+ Kb8 55.g5 Rxa4 56.g6 Rg4 57.Qg8+ Ka7 58.Qf7 1-0

[Event "23rd WCh U20 Girls"]
[Site "Istanbul TUR"]
[Date "2005.11.19"]
[Round "10"]
[White "Bensdorp, Marlies"]
[Black "Zdebskaya, Natalia"]
[Result "1/2-1/2"]
[WhiteElo "2199"]
[BlackElo "2390"]
[EventDate "2005.11.09"]
[PlyCount "43"]

1.d4 Nf6 2.c4 e6 3.Nf3 b6 4.e3 Bb7 5.Bd3 c5 6.O-O Be7 7.Nc3 cxd4 8.exd4 d5
9.cxd5 Nxd5 10.Ne5 O-O 11.Qh5 Nf6 12.Qh4 Ne4 13.Qh3 Qxd4 14.Nxf7 Rxf7 15.
Bxe4 Bxe4 16.Qg4 Nc6 17.Qxe4 Qxe4 18.Nxe4 Nd4 19.Rd1 Nc2 20.Rb1 Nb4 21.a3 
Nd5 22.Bg5 1/2-1/2

[Event "23rd WCh U20 Girls"]
[Site "Istanbul TUR"]
[Date "2005.11.19"]
[Round "10"]
[White "Dudas, Eszter"]
[Black "Brekke, Jorunn"]
[Result "1-0"]
[WhiteElo "2010"]
[BlackElo "1972"]
[EventDate "2005.11.09"]
[PlyCount "131"]

1.e4 e5 2.Nf3 Nc6 3.Bb5 a6 4.Ba4 Nf6 5.O-O Nxe4 6.d4 b5 7.Bb3 d5 8.dxe5 
Be6 9.c3 Be7 10.Re1 O-O 11.Nbd2 Nxd2 12.Qxd2 Na5 13.Bc2 c5 14.Qd3 g6 15.
Bh6 Re8 16.Qe3 Nc4 17.Qc1 f5 18.a4 Qb6 19.b3 Na5 20.Qf4 d4 21.cxd4 Bxb3 
22.dxc5 Bxc5 23.Bxb3+ Nxb3 24.Ra2 Rad8 25.axb5 axb5 26.Rb1 Nd4 27.Bg5 Be7 
28.Bxe7 Rxe7 29.Re1 b4 30.h3 Nxf3+ 31.Qxf3 Qd4 32.Qe3 Qxe3 33.Rxe3 Rd1+ 
34.Kh2 Rb1 35.Ra8+ Kf7 36.Rb8 Ke6 37.f4 Kd5 38.Rd8+ Kc4 39.e6 Ra1 40.Rc8+ 
Kd5 41.Re5+ Kd6 42.Rb8 Ra4 43.Rb6+ Kc7 44.Reb5 Re8 45.Kg3 Ra3+ 46.Kh4 h6 
47.e7 g5+ 48.fxg5 hxg5+ 49.Kxg5 Rxe7 50.Kxf5 Rg3 51.Rxb4 Rxg2 52.Rb7+ Kd6 
53.R4b6+ Kc5 54.Rxe7 Kxb6 55.h4 Kc6 56.h5 Kd6 57.Re1 Rf2+ 58.Kg6 Rg2+ 59.
Kh7 Ra2 60.h6 Ra7+ 61.Kg6 Kd5 62.h7 Ra6+ 63.Kg5 Ra8 64.Rh1 Rh8 65.Kg6 Ke6 
66.Kg7 1-0

[Event "23rd WCh U20 Girls"]
[Site "Istanbul TUR"]
[Date "2005.11.19"]
[Round "10"]
[White "Frank-Nielsen, Marie"]
[Black "Levacic, Melissa"]
[Result "1/2-1/2"]
[WhiteElo "1919"]
[BlackElo "1993"]
[EventDate "2005.11.09"]
[PlyCount "29"]

1.e4 e5 2.Nf3 Nc6 3.d4 exd4 4.Bc4 Nf6 5.O-O Nxe4 6.Re1 d5 7.Bxd5 Qxd5 8.
Nc3 Qh5 9.Nxe4 Be6 10.Bg5 Bd6 11.Nxd6+ cxd6 12.Bf4 O-O 13.Nxd4 Qxd1 14.
Raxd1 Nxd4 15.Rxd4 1/2-1/2

[Event "23rd WCh U20 Girls"]
[Site "Istanbul TUR"]
[Date "2005.11.19"]
[Round "10"]
[White "Gilbert, Jessie"]
[Black "Raghavi, Nagarajan"]
[Result "1-0"]
[WhiteElo "2148"]
[BlackElo "2104"]
[EventDate "2005.11.09"]
[PlyCount "115"]

1.d4 d5 2.c4 e6 3.Nc3 Nf6 4.Bg5 Be7 5.e3 h6 6.Bh4 O-O 7.cxd5 Nxd5 8.Bxe7 
Qxe7 9.Qb3 Rd8 10.Nf3 c5 11.Rc1 cxd4 12.Nxd5 exd5 13.Nxd4 Nc6 14.Rxc6 bxc6
15.Nxc6 Qc7 16.Nxd8 Qxd8 17.Bd3 Qa5+ 18.Ke2 Be6 19.Rc1 d4 20.Qb7 Rd8 21.
Qc7 Qh5+ 22.Kf1 Qg5 23.Rc5 Qf6 24.e4 Bxa2 25.Qxa7 Qe6 26.Qb7 Qg4 27.f3 Qh4
28.Rc8 Rxc8 29.Qxc8+ Kh7 30.Qf5+ g6 31.Qe5 Qd8 32.b4 Qc8 33.Qc5 Qb8 34.g3 
Qe8 35.Qxd4 Qa4 36.Ke2 Bb3 37.Kf2 Qa2+ 38.Be2 Ba4 39.Qc4 Bb3 40.Qd3 Qa7+ 
41.Qe3 Qa2 42.Qd3 Qa3 43.b5 Qb2 44.f4 Bc2 45.Qd7 Bb3 46.f5 g5 47.Qd3 Bc2 
48.Qc4 Bb3 49.Qb4 Qa2 50.e5 Bd1 51.Qc4 Bb3 52.Qd4 Ba4 53.Kf3 h5 54.h3 Bc2 
55.f6 Qb3+ 56.Kf2 Kg6 57.Bc4 Qa3 58.b6 1-0

[Event "23rd WCh U20 Girls"]
[Site "Istanbul TUR"]
[Date "2005.11.19"]
[Round "10"]
[White "Gutierrez Castillo, Paloma"]
[Black "Paridar, Shadi"]
[Result "1-0"]
[WhiteElo "2127"]
[BlackElo "2237"]
[EventDate "2005.11.09"]
[PlyCount "43"]

1.e4 c5 2.Nf3 Nc6 3.d4 cxd4 4.Nxd4 Qc7 5.Nc3 e6 6.Bd3 b5 7.Nxc6 dxc6 8.O-O
Nf6 9.f4 h5 10.h3 h4 11.e5 b4 12.exf6 bxc3 13.bxc3 gxf6 14.Rb1 f5 15.Bb2 
Qd7 16.Qe2 Qd5 17.Kh1 Be7 18.Rfd1 Bd7 19.Ba6 Qe4 20.Qd2 Qd5 21.Qf2 Qxa2 
22.Qd4 1-0

[Event "23rd WCh U20 Girls"]
[Site "Istanbul TUR"]
[Date "2005.11.19"]
[Round "10"]
[White "Karavade, Eesha"]
[Black "Kadziolka, Beata"]
[Result "0-1"]
[WhiteElo "2348"]
[BlackElo "2352"]
[EventDate "2005.11.09"]
[PlyCount "134"]

1.Nf3 g6 2.e4 Bg7 3.d4 c5 4.Nc3 cxd4 5.Nxd4 Nc6 6.Be3 Nf6 7.f3 O-O 8.Bc4 
Qb6 9.O-O Qxb2 10.Ncb5 Qb4 11.Qe2 Qa5 12.Nb3 Qd8 13.Qf2 b6 14.a4 Bb7 15.a5
Ne5 16.Be2 d5 17.axb6 dxe4 18.Nc5 exf3 19.Nxb7 Qb8 20.gxf3 Qxb7 21.Rxa7 
Rxa7 22.bxa7 Nd5 23.f4 Nxe3 24.Qxe3 Nc6 25.Qc5 Rc8 26.Bf3 Nxa7 27.Bxb7 
Rxc5 28.Nxa7 Rc7 29.Be4 Bd4+ 30.Kg2 Bxa7 31.Rb1 Rc4 32.Kf3 e6 33.Bd3 Ra4 
34.Re1 Kg7 35.Re4 Ra1 36.Rb4 Kf6 37.Rb7 Bc5 38.Rc7 Bd6 39.Rc4 h5 40.Rc6 
Be7 41.Rc7 Rg1 42.Rc4 Rh1 43.Kg2 Rd1 44.Re4 Bd6 45.Kf3 Ke7 46.Ra4 Rd2 47.
h3 Bc5 48.Be2 Rxc2 49.Rc4 Rxc4 50.Bxc4 Kf6 51.Ke4 Bd6 52.Be2 g5 53.fxg5+ 
Kxg5 54.Bb5 f5+ 55.Kf3 e5 56.Be8 e4+ 57.Ke2 Bc5 58.Bc6 Kf4 59.Bd7 Ke5 60.
Be8 h4 61.Bd7 f4 62.Bg4 Kf6 63.Kd2 f3 64.Bc8 Ke5 65.Ke1 Kf4 66.Kf1 Kg3 67.
Bf5 e3 0-1

[Event "23rd WCh U20 Girls"]
[Site "Istanbul TUR"]
[Date "2005.11.19"]
[Round "10"]
[White "Khotenashvili, Bela"]
[Black "Purtseladze, Maka"]
[Result "1/2-1/2"]
[WhiteElo "2288"]
[BlackElo "2338"]
[EventDate "2005.11.09"]
[PlyCount "106"]

1.Nf3 Nf6 2.g3 c5 3.Bg2 Nc6 4.d4 d5 5.O-O e6 6.c4 dxc4 7.Qa4 Nd5 8.dxc5 
Bxc5 9.Qxc4 Qe7 10.e4 Nb6 11.Qb3 e5 12.Nc3 O-O 13.Bg5 Qe8 14.Nd5 Be6 15.
Qb5 Bd4 16.Nxd4 Nxd4 17.Qxe8 Raxe8 18.Be7 Bxd5 19.Bxf8 Bc4 20.Bc5 Bxf1 21.
Bxf1 Rd8 22.Kg2 f6 23.Rd1 Ne6 24.Rxd8+ Nxd8 25.f4 Kf7 26.Kf3 Nc6 27.b3 
exf4 28.gxf4 g5 29.Bb5 Nd8 30.fxg5 Ne6 31.Be3 Nxg5+ 32.Kf4 Ne6+ 33.Kf5 Nc8
34.Bd3 Ne7+ 35.Kg4 Nc6 36.Bf1 Ne5+ 37.Kg3 a6 38.Bh3 b5 39.Bf5 h5 40.h3 Ng6
41.h4 Ne5 42.Bh3 Nd3 43.Bf1 Nb4 44.a4 Nc2 45.Bb6 Ncd4 46.axb5 axb5 47.b4 
Ke7 48.Bd3 Kd6 49.Bxd4 Nxd4 50.Kf4 Ke6 51.Bf1 Kd6 52.Bd3 Ke6 53.Bf1 Kd6 
1/2-1/2

[Event "23rd WCh U20 Girls"]
[Site "Istanbul TUR"]
[Date "2005.11.19"]
[Round "10"]
[White "Khukhashvili, Sopiko"]
[Black "Pourkashiyan, Atousa"]
[Result "1/2-1/2"]
[WhiteElo "2362"]
[BlackElo "2271"]
[EventDate "2005.11.09"]
[PlyCount "58"]

1.e4 e5 2.Bc4 Nf6 3.d3 Nc6 4.Nf3 Bc5 5.c3 a6 6.a4 Ba7 7.Nbd2 O-O 8.h3 h6 
9.b4 d5 10.Ba2 dxe4 11.Nxe4 Nxe4 12.dxe4 Qxd1+ 13.Kxd1 Bxf2 14.Ke2 Bg3 15.
Be3 Nd8 16.Nd2 Be6 17.Bc4 Re8 18.Bd3 Nc6 19.b5 Ne7 20.bxa6 bxa6 21.Rab1 
Reb8 22.Bc4 Bxc4+ 23.Nxc4 Nc6 24.Rbf1 Bh4 25.Rf5 g6 26.Rf3 Kg7 27.Rhf1 Rf8
28.Bc5 Be7 29.Bxe7 Nxe7 1/2-1/2

[Event "23rd WCh U20 Girls"]
[Site "Istanbul TUR"]
[Date "2005.11.19"]
[Round "10"]
[White "Liu Pei"]
[Black "Zhang Jilin"]
[Result "1/2-1/2"]
[WhiteElo "2283"]
[BlackElo "2334"]
[EventDate "2005.11.09"]
[PlyCount "68"]

1.d4 Nf6 2.Nf3 g6 3.Bg5 d5 4.e3 Bg7 5.Bd3 O-O 6.O-O Nbd7 7.Nbd2 b6 8.c3 
Bb7 9.Qe2 a5 10.e4 dxe4 11.Nxe4 h6 12.Nxf6+ exf6 13.Bf4 Re8 14.Qd2 Kh7 15.
Rfe1 Rxe1+ 16.Rxe1 Bxf3 17.gxf3 f5 18.Qe2 Nf6 19.Bc4 Qd7 20.Qd3 Nh5 21.Bd2
Re8 22.Rxe8 Qxe8 23.Qe3 Qd7 24.a4 Kg8 25.Bb3 Qd8 26.Bc4 Kf8 27.b3 Qd7 28.
Bc1 Qe7 29.Bb5 Nf6 30.Bc4 Ne8 31.Bb5 Nf6 32.Bc4 Ne8 33.Bb5 Nf6 34.Bc4 Ne8 
1/2-1/2

[Event "23rd WCh U20 Girls"]
[Site "Istanbul TUR"]
[Date "2005.11.19"]
[Round "10"]
[White "Pahtz, Elisabeth"]
[Black "Zawadzka, Jolanta"]
[Result "1-0"]
[WhiteElo "2408"]
[BlackElo "2381"]
[EventDate "2005.11.09"]
[PlyCount "79"]

1.e4 e5 2.Nf3 Nc6 3.Bb5 a6 4.Ba4 Nf6 5.d3 d6 6.c3 g6 7.Nbd2 Bg7 8.Nf1 O-O 
9.Ng3 Nd7 10.Bc2 Qe7 11.O-O f5 12.exf5 gxf5 13.d4 e4 14.Bg5 Qf7 15.Nh4 Nb6
16.f3 h6 17.fxe4 hxg5 18.Nhxf5 Bxf5 19.Nxf5 Qf6 20.Qh5 Rf7 21.Bb3 d5 22.
Ne3 Qe7 23.Nxd5 Nxd5 24.Bxd5 Rf8 25.Rf3 Nd8 26.Raf1 Ne6 27.Rxf7 Rxf7 28.
Rxf7 Qxf7 29.Qg4 Kf8 30.Qxe6 Qxe6 31.Bxe6 b6 32.Kf2 Ke7 33.Bc8 c5 34.dxc5 
bxc5 35.Bxa6 Be5 36.g3 Kd6 37.Bc4 Bf6 38.Kf3 Ke5 39.Bd5 Bd8 40.Kg4 1-0

[Event "23rd WCh U20 Girls"]
[Site "Istanbul TUR"]
[Date "2005.11.19"]
[Round "10"]
[White "Raeva, Elitsa"]
[Black "Plazaola, Maria de los Angeles"]
[Result "0-1"]
[WhiteElo "2213"]
[BlackElo "2087"]
[EventDate "2005.11.09"]
[PlyCount "106"]

1.d4 Nf6 2.c4 c5 3.d5 g6 4.Nc3 Bg7 5.e4 d6 6.Bd3 O-O 7.Nge2 e6 8.Bg5 h6 9.
Bh4 exd5 10.cxd5 Nbd7 11.O-O Re8 12.h3 a6 13.a4 Qc7 14.b3 Rb8 15.f4 b5 16.
axb5 axb5 17.e5 dxe5 18.fxe5 Qxe5 19.Bg3 Qe3+ 20.Kh1 c4 21.bxc4 bxc4 22.
Bxc4 Rb4 23.Bf2 Qg5 24.Ra4 Rxa4 25.Qxa4 Ne4 26.Nxe4 Rxe4 27.Qc2 Nf6 28.Ng3
Re8 29.Qb3 Bd7 30.Qf3 Qh4 31.Bb3 Qb4 32.Rc1 h5 33.Bc5 Qd2 34.Rd1 Qa5 35.
Bd4 h4 36.Ne2 Bf5 37.Nc3 Qb4 38.Ba2 Bc2 39.Rd2 Re1+ 40.Bg1 Qc5 41.Qf2 Qxf2
42.Rxf2 Ne4 43.Nxe4 Bxe4 44.d6 Bd4 45.d7 Bxf2 46.d8=Q+ Kg7 47.Qg5 Rxg1+ 
48.Kh2 Rf1 49.Qe5+ Kh7 50.Bc4 Rc1 51.Bd3 Bg1+ 52.Kh1 Bd4+ 53.Bf1 Rxf1+ 0-1

[Event "23rd WCh U20 Girls"]
[Site "Istanbul TUR"]
[Date "2005.11.19"]
[Round "10"]
[White "Vasilevich, Irina"]
[Black "Gu Xiaobing"]
[Result "1-0"]
[WhiteElo "2389"]
[BlackElo "2330"]
[EventDate "2005.11.09"]
[PlyCount "119"]

1.Nf3 d5 2.d4 Nf6 3.c4 e6 4.Nc3 Nbd7 5.Bg5 Bb4 6.e3 c5 7.cxd5 exd5 8.Be2 
Qa5 9.O-O c4 10.Qc2 Bxc3 11.bxc3 Ne4 12.Rfc1 O-O 13.Bxc4 Nxf2 14.Bb3 Ng4 
15.c4 h6 16.Bf4 dxc4 17.Qxc4 Qh5 18.Qd3 Re8 19.Rc7 Ngf6 20.Ne5 Rf8 21.Bd1 
Nxe5 22.dxe5 Ng4 23.h3 Nxe5 24.Qc3 Qg6 25.Qxe5 Bxh3 26.Bf3 Rac8 27.Rac1 
Rxc7 28.Rxc7 Rd8 29.Kh2 Bg4 30.Be4 Qe6 31.Qxe6 Bxe6 32.a3 g5 33.Be5 f5 34.
Bxb7 Rd3 35.Rc3 Rd2 36.Bd4 h5 37.Rc7 g4 38.Kg3 Rd1 39.Bxa7 Rh1 40.Re7 Bb3 
41.Kf4 Ra1 42.Bc5 Rc1 43.Bd4 h4 44.Kxf5 h3 45.gxh3 gxh3 46.Be5 Rg1 47.Bh2 
Bc2+ 48.Kf4 Ra1 49.Bd5+ Kf8 50.Ra7 Rd1 51.Be6 Rd6 52.Rc7 Ba4 53.Bf5 Rb6 
54.Kg4 Rb3 55.Bd6+ Ke8 56.Re7+ Kd8 57.Kxh3 Bb5 58.Re5 Bf1+ 59.Kg3 Bc4 60.
Bb4 1-0

[Event "23rd WCh U20 Girls"]
[Site "Istanbul TUR"]
[Date "2005.11.19"]
[Round "10"]
[White "Xu Ruoyin"]
[Black "Ortiz Aguirre, Nadya Karolina"]
[Result "0-1"]
[WhiteElo "2079"]
[BlackElo "2218"]
[EventDate "2005.11.09"]
[PlyCount "74"]

1.d4 Nf6 2.c4 g6 3.g3 Bg7 4.Bg2 d6 5.Nc3 O-O 6.Nf3 Nc6 7.O-O a6 8.h3 Rb8 
9.a4 a5 10.e4 Nd7 11.Be3 e5 12.d5 Nb4 13.Kh2 h6 14.Nd2 f5 15.exf5 gxf5 16.
f4 b6 17.Nf3 Nc5 18.Ne1 e4 19.Rb1 Bd7 20.Nb5 Bxb5 21.axb5 Ncd3 22.Nxd3 
Nxd3 23.Qd2 a4 24.Rfd1 Qf6 25.Qc2 Ra8 26.Bf1 a3 27.bxa3 Rxa3 28.Bxd3 Rfa8 
29.Kg1 Ra2 30.Qc1 R8a3 31.Bf2 exd3 32.Qe3 Re2 33.Qf3 Raa2 34.Rf1 Qc3 35.
Rbd1 Rxf2 36.Rxf2 Bd4 37.Rxd3 Qe1+ 0-1

[Event "23rd WCh U20 Girls"]
[Site "Istanbul TUR"]
[Date "2005.11.19"]
[Round "10"]
[White "Zhang Xiaowen"]
[Black "Ursic, Simona"]
[Result "1-0"]
[WhiteElo "2153"]
[BlackElo "2040"]
[EventDate "2005.11.09"]
[PlyCount "95"]

1.e4 e5 2.Nf3 Nc6 3.Bb5 a6 4.Ba4 Nf6 5.O-O Be7 6.Re1 b5 7.Bb3 d6 8.c3 O-O 
9.h3 Na5 10.Bc2 c5 11.d4 Qc7 12.Nbd2 cxd4 13.cxd4 Nc6 14.Nb3 a5 15.Be3 a4 
16.Nbd2 Bd7 17.Rc1 Qb7 18.Qe2 Rfe8 19.Bd3 Rab8 20.a3 Bd8 21.dxe5 dxe5 22.
b4 Na7 23.Bc5 Bc7 24.Nb1 Nc8 25.Nc3 Ne7 26.Red1 Ng6 27.g3 Bc6 28.h4 Red8 
29.h5 Nxh5 30.Ng5 Nf6 31.Nxf7 Rd7 32.Ng5 Nh8 33.Bc4+ bxc4 34.Rxd7 Bxd7 35.
Qxc4+ Nf7 36.Nxf7 Qc8 37.Ng5+ Kh8 38.Nxa4 h6 39.Nf7+ Kh7 40.Bd6 Bxd6 41.
Qxc8 Bxc8 42.Nxd6 Bd7 43.Nc5 Bc6 44.b5 Bd7 45.a4 Rb6 46.Nxd7 Nxd7 47.Rc6 
Rb8 48.a5 1-0

[Event "23rd WCh U20 Girls"]
[Site "Istanbul TUR"]
[Date "2005.11.20"]
[Round "11"]
[White "Almer, Julia"]
[Black "Bensdorp, Laura"]
[Result "0-1"]
[WhiteElo "1943"]
[BlackElo "2090"]
[EventDate "2005.11.09"]
[PlyCount "49"]

1.e4 c5 2.Nf3 d6 3.d4 cxd4 4.Nxd4 Nf6 5.Nc3 Nc6 6.Be2 e5 7.Nb3 Be7 8.O-O 
O-O 9.Be3 a5 10.Nd2 Be6 11.Nc4 b5 12.Nb6 Rb8 13.Nbd5 b4 14.Nxf6+ Bxf6 15.
Nd5 Bxd5 16.Qxd5 Nd4 17.Bxd4 exd4 18.Bd3 Qb6 19.Qf5 Be7 20.f4 g6 21.Qg4 
Rbc8 22.f5 Kg7 23.Rf3 Bf6 24.Raf1 g5 25.Qh5 0-1

[Event "23rd WCh U20 Girls"]
[Site "Istanbul TUR"]
[Date "2005.11.20"]
[Round "11"]
[White "Brekke, Jorunn"]
[Black "Pavlogianni, Despina"]
[Result "0-1"]
[WhiteElo "1972"]
[BlackElo "1989"]
[EventDate "2005.11.09"]
[PlyCount "66"]

1.d4 d5 2.Nf3 Bf5 3.Bf4 e6 4.e3 Nd7 5.c4 c6 6.Nc3 h6 7.cxd5 exd5 8.Bd3 
Bxd3 9.Qxd3 Ngf6 10.h3 Be7 11.O-O O-O 12.a3 a5 13.b3 Nh5 14.Ne5 Bd6 15.Qe2
Nxf4 16.exf4 Nb6 17.Qf3 Re8 18.Qh5 Qf6 19.g3 Re7 20.Nd1 Kh7 21.Ne3 g6 22.
Qd1 Qe6 23.g4 Qc8 24.Qd3 Qg8 25.g5 hxg5 26.N3g4 Bxe5 27.dxe5 Qh8 28.Nf6+ 
Kg7 29.Qe3 gxf4 30.Qxb6 Qxh3 31.Qd4 Rh8 32.Nh5+ Rxh5 33.e6+ f6 0-1